[Event "Mistrzostwa Polski Juniorow do lat 16 - Chlopcy"]
[Site "Szklarska Poreba"]
[Date "1899-12-30"]
[Round "3.24"]
[White "Wysocki, Mateusz"]
[Black "Majewski, Krzysztof"]
[Result "1-0"]
[WhiteTitle "I"]
[BlackTitle "I"]
[WhiteElo "1864"]
[BlackElo "1805"]

1. e4 g6 2. d4 Bg7 3. Nc3 c6 4. Bc4 d5 5. exd5 cxd5 6. Bxd5 e6 7. Bf3 Qxd4 8. Qxd4
Bxd4 9. Nge2 Bb6 10. Bf4 Nd7 11. Bd6 a6 12. a4 Bc5 13. O-O-O Bxd6 14. Rxd6 Ke7
15. Rhd1 Ngf6 16. g3 Rb8 17. R6d2 b6 18. Nd4 Bb7 19. Bxb7 Rxb7 20. Nc6+ Kf8 21.
b4 Kg7 22. Kb2 Rc7 23. b5 a5 24. Rd6 Rb7 25. f3 h5 26. h3 g5 27. Ka3 Nc5 28. Ne5
g4 29. fxg4 hxg4 30. hxg4 Rh3 31. Rg1 Nh7 32. Kb2 Ng5 33. Nc4 Nf3 34. Rg2 Nd7
35. Ne4 Rh2 36. Rxh2 Nxh2 37. g5 Ng4 38. Rc6 Nge5 39. Nxe5 Nxe5 40. Rc8 Re7 41.
c4 Kg6 42. c5 bxc5 43. Nxc5 Kxg5 44. Kc3 Nd7 45. Rc7 Nb6 46. Rxe7 Nd5+ 47. Kd4
Nxe7 48. Ke5 Nd5 49. Nd7 Nb4 50. b6 Kg4 51. b7 Kxg3 52. Kf6 Nc6 53. Ne5 Nb8 54.
Kxf7 Kf4 55. Kxe6 Ke4 56. Kd6 Na6 57. Nd7 Kd4 58. Kc6 Nb4+ 59. Kb5 1-0

[Event "Mistrzostwa Polski Juniorow do lat 16 - Chlopcy"]
[Site "Szklarska Poreba"]
[Date "1899-12-30"]
[Round "3.25"]
[White "Cwiek, Ryszard"]
[Black "Werner, Kacper"]
[Result "1-0"]
[WhiteTitle "I+"]
[BlackTitle "II"]
[WhiteElo "1843"]
[BlackElo "1591"]

1. e4 c5 2. Ne2 d6 3. g3 Nc6 4. Bg2 Nf6 5. O-O e6 6. c3 Be7 7. d4 O-O 8. h3 Rb8
9. f4 d5 10. e5 Nd7 11. g4 Re8 12. Be3 cxd4 13. cxd4 Nb6 14. Nd2 f6 15. Ng3 Bd7
16. exf6 Bxf6 17. Ne2 Rc8 18. g5 Be7 19. Nc3 Na5 20. Qe2 Nac4 21. Nxc4 Nxc4 22.
Nxd5 Bd6 23. Nc3 Qc7 24. Rac1 Nxe3 25. Qxe3 Qb6 26. Ne4 Be7 27. Nc5 Bxc5 28. dxc5
Qxb2 29. Rb1 Qxa2 30. Rxb7 Qa4 31. Qe5 Rf8 32. c6 1-0

[Event "Mistrzostwa Polski Juniorow do lat 16 - Chlopcy"]
[Site "Szklarska Poreba"]
[Date "1899-12-30"]
[Round "4.1"]
[White "Niedbala, Bartlomiej"]
[Black "Baum, Jonasz"]
[Result "1/2-1/2"]
[WhiteTitle "FM"]
[BlackTitle "FM"]
[WhiteElo "2381"]
[BlackElo "2391"]

1. d4 Nf6 2. c4 e6 3. Nf3 b6 4. g3 Bb7 5. Bg2 Be7 6. O-O O-O 7. Re1 d5 8. cxd5
exd5 9. Nc3 Nbd7 10. Bf4 Ne4 11. h4 c5 12. dxc5 Bxc5 13. e3 Ndf6 14. Nd2 Nxc3
15. bxc3 Qe7 16. Bg5 h6 17. Bxf6 Qxf6 18. Qb3 Rac8 19. Red1 Rfd8 20. Rac1 a5 21.
a4 Rc7 22. Nf3 Ba6 23. Nd4 Bc4 24. Qb2 Qe7 25. Nb5 Rc6 26. Rc2 Rg6 27. Re1 Bd3
28. Rd2 Be4 29. Bxe4 dxe4 30. Kf1 Rd3 31. Ke2 Qd7 32. Kd1 Rf6 33. Ree2 Rf5 34.
Kc1 Rfd5 35. Rxd3 exd3 36. Rd2 Qg4 37. Qb3 Rd7 38. Kb2 Qe4 39. Nd4 Rc7 40. Nb5
Rc8 41. Qd1 Rd8 42. Qb3 g6 43. Nd4 Rc8 44. Qb5 Bf8 45. Qxd3 Qe7 46. Nb5 Bg7 47.
Kc2 Kh7 48. Kd1 Qe6 49. Nd4 Qd7 50. Qb5 Qg4+ 51. Qe2 Qd7 52. Qb5 Qg4+ 1/2-1/2

[Event "Mistrzostwa Polski Juniorow do lat 16 - Chlopcy"]
[Site "Szklarska Poreba"]
[Date "1899-12-30"]
[Round "4.2"]
[White "Luczak, Filip"]
[Black "Dzida, Kamil"]
[Result "1/2-1/2"]
[WhiteTitle "CM"]
[BlackTitle "k+"]
[WhiteElo "2179"]
[BlackElo "2254"]

1. Nf3 Nf6 2. c4 e6 3. g3 d5 4. Bg2 Be7 5. d4 O-O 6. O-O dxc4 7. Ne5 Nc6 8. Nxc6
bxc6 9. Na3 Bxa3 10. bxa3 Rb8 11. Qa4 Rb6 12. Qxa7 Nd5 13. Qa5 Rb5 14. Qd2 Ba6
15. a4 Rb7 16. Ba3 Re8 17. Rfc1 f5 18. Qa5 Qa8 19. e3 Reb8 20. Bf1 Ra7 21. Bc5
Nb6 22. Qe1 c3 23. Bxb6 Rxb6 24. a5 Rb8 25. Bxa6 Rxa6 26. Qxc3 Rb5 27. Rab1 Rbxa5
28. Rb2 Kf7 29. Qc4 Rxa2 30. Rxa2 Rxa2 31. Qxc6 Qxc6 32. Rxc6 Ra7 1/2-1/2

[Event "Mistrzostwa Polski Juniorow do lat 16 - Chlopcy"]
[Site "Szklarska Poreba"]
[Date "1899-12-30"]
[Round "4.3"]
[White "Fiedorek, Michal"]
[Black "Ochedzan, Tymon"]
[Result "1/2-1/2"]
[WhiteTitle "FM"]
[BlackTitle "CM"]
[WhiteElo "2223"]
[BlackElo "2099"]

1. e4 c6 2. d4 d5 3. exd5 cxd5 4. Bd3 Nc6 5. c3 Nf6 6. h3 g6 7. Nf3 Bf5 8. Be2
Bg7 9. O-O O-O 10. Bf4 Ne4 11. Nbd2 f6 12. Nb3 e5 13. Be3 Be6 14. Re1 b6 15. Bf1
Qe7 16. Rc1 Nd6 17. dxe5 fxe5 18. Ng5 Kh8 19. Nxe6 Qxe6 20. Qd3 Nf5 21. Rcd1 Rad8
22. Qc2 Qf6 23. Bb5 Nce7 24. Bc1 Nd6 25. Bd3 Nc6 26. Be3 e4 27. Bf1 Nf5 28. Bb5
Ne5 29. Nd4 Nxd4 30. Bxd4 Qg5 31. Kh1 Qh5 32. Bf1 Ng4 33. Kg1 Ne5 34. a4 Qg5 35.
Kh1 Qh6 36. Qd2 Qh5 37. Qe2 Qf5 38. Qe3 Kg8 39. Qd2 Qh5 40. Qe2 Qh4 41. g3 1/2-1/2

[Event "Mistrzostwa Polski Juniorow do lat 16 - Chlopcy"]
[Site "Szklarska Poreba"]
[Date "1899-12-30"]
[Round "4.4"]
[White "Czernek, Tymon"]
[Black "Skurniak, Szymon"]
[Result "1-0"]
[WhiteTitle "I++"]
[BlackTitle "I+"]
[WhiteElo "2120"]
[BlackElo "2005"]

1. e4 c5 2. Nf3 e6 3. d4 cxd4 4. Nxd4 a6 5. Bd3 Bc5 6. Nb3 Be7 7. O-O d6 8. Nc3
b5 9. a4 b4 10. Na2 a5 11. c3 Bd7 12. cxb4 axb4 13. a5 Nc6 14. Bd2 Qb8 15. Qe1
Nxa5 16. Nxa5 Rxa5 17. Nxb4 Rxa1 18. Qxa1 Nf6 19. Rc1 O-O 20. Nc6 Bxc6 21. Rxc6
d5 22. exd5 Nxd5 23. Qb1 h6 24. Rc4 Rd8 25. b4 Qd6 26. Bf1 Bf6 27. b5 Ra8 28.
Rc6 Qd7 29. Ra6 Rxa6 30. bxa6 Qa7 31. Qb5 Kf8 32. Bc4 Bd4 33. Bxd5 Bxf2+ 34. Kf1
exd5 35. Qxd5 Bb6 36. Bb4+ Kg8 37. Qb7 Qxb7 38. axb7 Bc7 39. h4 f5 40. Ke2 Kf7
41. h5 g6 42. hxg6+ Kxg6 43. Kf3 f4 44. Ke4 Bb8 45. Bd2 Kg5 46. Bc3 Kg4 47. Be5
Ba7 48. Bxf4 h5 49. b8=Q Bxb8 50. Bxb8 h4 51. Bh2 Kg5 52. Kf3 Kf5 53. Bf4 1-0

[Event "Mistrzostwa Polski Juniorow do lat 16 - Chlopcy"]
[Site "Szklarska Poreba"]
[Date "1899-12-30"]
[Round "4.5"]
[White "Kacprzak, Kacper"]
[Black "Czopor, Maciej"]
[Result "0-1"]
[WhiteTitle "I+"]
[BlackTitle "k"]
[WhiteElo "2019"]
[BlackElo "2196"]

1. e4 c5 2. Nf3 e6 3. d4 cxd4 4. Nxd4 Nc6 5. Nc3 a6 6. Be3 Nf6 7. Bd3 d6 8. O-O
Be7 9. a4 O-O 10. Qe2 Qc7 11. f4 Re8 12. Rad1 Nxd4 13. Bxd4 e5 14. fxe5 dxe5 15.
Nd5 Nxd5 16. exd5 Bd6 17. Rde1 Re7 18. Bc3 Bd7 19. Qf3 Rf8 20. Bf5 Bxf5 21. Qxf5
Qc5+ 22. Kh1 Qxd5 23. Rd1 Qc6 24. Rf3 Re6 25. Rdf1 Rg6 26. Bxe5 Bxe5 27. Qxe5
Qxc2 28. R3f2 Qc6 29. Qc3 Qxc3 30. bxc3 Rc6 31. Rb2 Rc7 32. Rfb1 Rd8 33. g3 g6
34. Rxb7 Rxc3 35. Rb8 Rcc8 36. Rxc8 Rxc8 37. Rb6 a5 38. Rb5 Ra8 39. Kg2 Kg7 40.
Kf3 Kf6 41. g4 h6 42. h4 Ra6 43. Kf4 Ke6 44. g5 h5 45. Ke4 Rc6 46. Kd4 Rd6+ 47.
Ke4 Rd1 48. Re5+ Kd6 49. Rxa5 Rh1 50. Ra6+ Ke7 51. Ra7+ Kf8 52. Ra8+ Kg7 53. Ra5
Rxh4+ 54. Ke3 Rg4 55. Kf3 Kh7 56. Ra7 Rxg5 57. Rxf7+ Kh6 58. Ra7 Rc5 59. Rb7 Rc3+
60. Kg2 h4 61. a5 Ra3 62. Ra7 Kg5 63. a6 Kg4 64. Ra8 Ra2+ 65. Kf1 h3 66. a7 g5
67. Ke1 h2 68. Rh8 Kg3 69. Rh5 Rxa7 70. Rxg5+ Kh4 0-1

[Event "Mistrzostwa Polski Juniorow do lat 16 - Chlopcy"]
[Site "Szklarska Poreba"]
[Date "1899-12-30"]
[Round "4.6"]
[White "Kozlowski, Michal"]
[Black "Luberanski, Jakub"]
[Result "0-1"]
[WhiteTitle "I++"]
[BlackTitle "k"]
[WhiteElo "2009"]
[BlackElo "2151"]

1. e4 c5 2. Nf3 Nc6 3. d4 cxd4 4. Nxd4 Qb6 5. Nb3 Nf6 6. Nc3 e6 7. Be3 Qc7 8. Bd3
a6 9. a4 b6 10. O-O Be7 11. f4 d6 12. Qe2 Bb7 13. h3 O-O 14. Rad1 Nb4 15. Bf2
Rac8 16. Rfe1 d5 17. e5 Ne4 18. Nxe4 dxe4 19. Bxe4 Bxe4 20. Qxe4 Qxc2 21. Qxc2
Rxc2 22. Bxb6 Nd5 23. Bd4 Nxf4 24. Rd2 Rc4 25. Rf1 Nd5 26. a5 Rb8 27. Bb6 Rb4
28. Nc5 R4xb6 0-1

[Event "Mistrzostwa Polski Juniorow do lat 16 - Chlopcy"]
[Site "Szklarska Poreba"]
[Date "1899-12-30"]
[Round "4.7"]
[White "Panek, Bartosz"]
[Black "Bachor, Tomasz"]
[Result "0-1"]
[WhiteTitle "I+"]
[BlackTitle "k"]
[WhiteElo "1979"]
[BlackElo "2105"]

1. e4 c5 2. Nf3 g6 3. d4 cxd4 4. Nxd4 Nc6 5. c4 Nf6 6. Nc3 Nxd4 7. Qxd4 d6 8. Be2
Bg7 9. Qd3 O-O 10. O-O Be6 11. Be3 Nd7 12. Bd4 Rc8 13. b3 a6 14. Bxg7 Kxg7 15.
Qd4+ f6 16. Rac1 Qa5 17. Rc2 Qe5 18. Qxe5 fxe5 19. Rfc1 h5 20. Nd5 Bxd5 21. cxd5
Rxc2 22. Rxc2 Nc5 23. f3 a5 24. Bb5 Kf6 25. Kf1 g5 26. Ke2 g4 27. Ke3 Kg5 28.
Rf2 h4 29. g3 hxg3 30. hxg3 gxf3 31. Rxf3 Rf6 32. Rxf6 exf6 33. Kf3 f5 34. exf5
Kxf5 35. g4+ Kg5 36. Be2 0-1

[Event "Mistrzostwa Polski Juniorow do lat 16 - Chlopcy"]
[Site "Szklarska Poreba"]
[Date "1899-12-30"]
[Round "4.8"]
[White "Suder, Jakub"]
[Black "Czechowski, Jakub"]
[Result "1-0"]
[WhiteTitle "I++"]
[BlackTitle "I+"]
[WhiteElo "2085"]
[BlackElo "1964"]

1. d4 Nf6 2. c4 g6 3. Nc3 d5 4. cxd5 Nxd5 5. e4 Nxc3 6. bxc3 Bg7 7. Bc4 c5 8. Ne2
O-O 9. h4 cxd4 10. cxd4 Nc6 11. Be3 Qa5+ 12. Kf1 h5 13. Rc1 e6 14. Bg5 b5 15.
Bb3 Bb7 16. g4 hxg4 17. h5 Rae8 18. h6 Bh8 19. h7+ Kg7 20. Bh6+ Kf6 21. Rxc6 Bxc6
22. Qc1 b4 23. Qxc6 Rc8 24. e5+ 1-0

[Event "Mistrzostwa Polski Juniorow do lat 16 - Chlopcy"]
[Site "Szklarska Poreba"]
[Date "1899-12-30"]
[Round "4.9"]
[White "Zabron, Maksym"]
[Black "Kania, Dominik"]
[Result "1-0"]
[WhiteTitle "I++"]
[BlackTitle "I"]
[WhiteElo "2023"]
[BlackElo "1933"]

1. d4 Nf6 2. c4 c5 3. d5 b5 4. cxb5 a6 5. f3 g6 6. e4 d6 7. Na3 Bg7 8. Ne2 axb5
9. Nxb5 Ba6 10. Nec3 O-O 11. Be2 Nbd7 12. O-O Ne8 13. Be3 Nc7 14. Qd2 Nxb5 15.
Nxb5 Re8 16. a4 Nb6 17. Ra2 Qd7 18. b3 Reb8 19. Rc1 Rb7 20. Rac2 Rab8 21. Bh6
Bh8 22. Qf4 Be5 23. Qd2 Nc8 24. Be3 Na7 25. b4 cxb4 26. Rc7 Bc3 27. Rxb7 Bxd2
28. Rxb8+ Kg7 29. Bxd2 Nxb5 30. Rxb5 Qa7+ 31. Kf1 Bxb5 32. axb5 b3 33. Bc3+ f6
34. Rb1 Qa2 35. Rb2 Qa1+ 36. Kf2 Qa7+ 37. Kg3 Qe3 38. Ba5 f5 39. b6 f4+ 40. Kh3
g5 41. b7 Qf2 42. g3 fxg3 43. hxg3 h5 44. Bc3+ Kf7 45. b8=Q h4 46. gxh4 gxh4 47.
Be5 1-0

[Event "Mistrzostwa Polski Juniorow do lat 16 - Chlopcy"]
[Site "Szklarska Poreba"]
[Date "1899-12-30"]
[Round "4.10"]
[White "Redzisz, Michal"]
[Black "Kotula, Pawel"]
[Result "0-1"]
[WhiteTitle "k"]
[BlackTitle "I"]
[WhiteElo "2105"]
[BlackElo "1707"]

1. d4 d5 2. Nf3 Nf6 3. c4 e6 4. g3 dxc4 5. Bg2 Nbd7 6. Nbd2 Bb4 7. O-O c3 8. bxc3
Bxc3 9. Rb1 O-O 10. Qc2 Ba5 11. Nc4 Bb6 12. a4 c5 13. a5 Bxa5 14. dxc5 Nxc5 15.
Nxa5 Qxa5 16. Bd2 Qc7 17. Rfc1 b6 18. Nd4 Nd5 19. Nb5 Qd7 20. e4 Nc7 21. e5 Nxb5
22. Bxa8 Na3 23. Qa2 Nxb1 24. Rxb1 Bb7 25. Bxb7 Qxb7 26. Be3 Rc8 27. Rd1 Ne4 28.
Ra1 a5 29. Qb2 Nc3 30. Ra3 Nd5 31. Bd4 Nb4 32. Bc3 Qe4 33. Bxb4 axb4 34. Rb3 Rc2
35. Qa1 Qc6 36. Rb1 b3 37. Qd4 Rc1+ 38. Rxc1 Qxc1+ 39. Kg2 Qc6+ 40. Kh3 Qc7 41.
Qa4 h6 42. Qxb3 Qc5 43. f4 b5 44. Qd3 Qd5 45. Qa3 Qc4 46. Qe7 Qd3 47. Kh4 Qf5
48. g4 Qxf4 49. h3 Qg5+ 50. Qxg5 hxg5+ 51. Kh5 b4 0-1

[Event "Mistrzostwa Polski Juniorow do lat 16 - Chlopcy"]
[Site "Szklarska Poreba"]
[Date "1899-12-30"]
[Round "4.11"]
[White "Koziorowicz, Michal"]
[Black "Kaliszuk, Kamil"]
[Result "1/2-1/2"]
[WhiteTitle "k"]
[BlackTitle "I+"]
[WhiteElo "2099"]
[BlackElo "1961"]

1. e4 c5 2. Nf3 Nf6 3. Nc3 d5 4. exd5 Nxd5 5. Ne4 e6 6. b3 Be7 7. Bb2 O-O 8. d4
cxd4 9. Qxd4 f6 10. Bc4 Nc6 11. Qd2 Ndb4 12. Qe2 Na5 13. O-O Qc7 14. Bd3 Nxd3
15. Qxd3 Rd8 16. Qe2 e5 17. Rfd1 Bg4 18. c4 Nc6 19. h3 Bh5 20. Rac1 Bf8 21. Ng3
Bf7 22. Nf5 Rxd1+ 23. Rxd1 Rd8 24. Ne3 Rxd1+ 25. Qxd1 Qd6 26. Qxd6 Bxd6 27. Nd2
Bg6 28. a3 a5 29. Nd5 Kf7 30. Nc3 Bc2 31. Nb5 Ke6 32. Kf1 Kd7 33. Ke2 Bc5 34.
Bc3 h6 35. g3 Be7 36. f3 Bf8 37. Ke3 Bc5+ 38. Ke2 Bf8 39. Ke3 Bc5+ 1/2-1/2

[Event "Mistrzostwa Polski Juniorow do lat 16 - Chlopcy"]
[Site "Szklarska Poreba"]
[Date "1899-12-30"]
[Round "4.12"]
[White "Oleksy, Krzysztof"]
[Black "Poltorak, Sebastian"]
[Result "1-0"]
[WhiteTitle "I"]
[BlackTitle "k"]
[WhiteElo "1842"]
[BlackElo "2036"]

1. Nf3 Nf6 2. c4 g6 3. d4 d5 4. Nc3 Bg7 5. h4 c6 6. Bf4 O-O 7. e3 Bf5 8. Be2 Qb6
9. Qb3 Qxb3 10. axb3 Nbd7 11. O-O a6 12. Ne5 Nxe5 13. Bxe5 Ne4 14. Nxe4 Bxe4 15.
Bxg7 Kxg7 16. Rfc1 Rac8 17. g4 dxc4 18. bxc4 c5 19. d5 e6 20. f3 exd5 21. fxe4
dxe4 22. Rd1 Rc7 23. Rd5 Re8 24. g5 1-0

[Event "Mistrzostwa Polski Juniorow do lat 16 - Chlopcy"]
[Site "Szklarska Poreba"]
[Date "1899-12-30"]
[Round "4.13"]
[White "Trybus, Daniel"]
[Black "Dalkowski, Rafal"]
[Result "0-1"]
[WhiteTitle "I++"]
[BlackTitle "I"]
[WhiteElo "2010"]
[BlackElo "1893"]

1. e4 c6 2. d4 d5 3. Nc3 dxe4 4. Nxe4 Bf5 5. Ng3 Bg6 6. Nh3 e6 7. Nf4 Bd6 8. h4
Qc7 9. Nxg6 hxg6 10. Ne4 Nd7 11. c3 Ngf6 12. Nxd6+ Qxd6 13. Bg5 O-O 14. Qc2 Qd5
15. Be2 e5 16. Bf3 e4 17. Be2 c5 18. Be3 c4 19. g4 b5 20. g5 Nh7 21. O-O-O a5
22. Rdg1 Ra6 23. h5 gxh5 24. Rxh5 g6 25. Rh4 Re8 26. Qd1 Rb6 27. Qf1 Ndf8 28.
Rgh1 Nxg5 29. Qg2 f6 30. Qh2 Rb7 31. Rh8+ Kf7 32. Rg1 Nfe6 33. Rh7+ Kg8 34. Rh8+
Kf7 35. Rxe8 Kxe8 36. Qh8+ Kf7 37. Bg4 Ng7 38. Bc8 Re7 39. Bxg5 fxg5 40. Qh6 Kf6
41. Qh2 Qd8 42. Bg4 Qc7 43. Qxc7 Rxc7 44. Re1 Re7 45. Bc8 Nf5 46. a4 bxa4 47.
d5 Ke5 48. Be6 Kf4 49. Rd1 Nd6 50. Rh1 Kf3 51. Rh6 Rg7 52. Rh8 Kxf2 53. Rd8 Nf5
54. d6 g4 55. d7 g3 56. Rh8 Rxd7 57. Bxd7 g2 58. Rh2 Kg3 59. Rxg2+ Kxg2 60. Bxa4
Kf2 61. b4 e3 62. Bd1 axb4 63. cxb4 e2 0-1

[Event "Mistrzostwa Polski Juniorow do lat 16 - Chlopcy"]
[Site "Szklarska Poreba"]
[Date "1899-12-30"]
[Round "4.14"]
[White "Jedrusik, Adam"]
[Black "Syrkiewicz, Michal"]
[Result "1/2-1/2"]
[WhiteTitle "I"]
[BlackTitle "I"]
[WhiteElo "1828"]
[BlackElo "2004"]

1. d4 d5 2. Bg5 f6 3. Bf4 Nc6 4. c3 e5 5. Bg3 Be6 6. e3 a6 7. Be2 Nh6 8. Nf3 Bd6
9. dxe5 fxe5 10. Bh4 Be7 11. Bg3 Bf6 12. O-O Nf5 13. Qb3 Qc8 14. Qc2 O-O 15. e4
Nxg3 16. hxg3 d4 17. Nbd2 Rd8 18. cxd4 Nxd4 19. Nxd4 Rxd4 20. Nf3 Rd8 21. Rfd1
Rd6 22. Rxd6 cxd6 23. Qd2 Qd7 24. b3 Rc8 25. Rd1 Rd8 26. Ng5 Bxg5 27. Qxg5 h6
28. Qd2 Qc6 29. Bf3 Qb6 30. Qe2 Qc6 31. Qd2 Qb6 32. Qe2 Qc6 33. Bg4 Qd7 34. Bf3
Qc6 1/2-1/2

[Event "Mistrzostwa Polski Juniorow do lat 16 - Chlopcy"]
[Site "Szklarska Poreba"]
[Date "1899-12-30"]
[Round "4.15"]
[White "Turski, Bartlomiej"]
[Black "Stachecki, Mikolaj"]
[Result "1-0"]
[WhiteTitle "I"]
[BlackTitle "I+"]
[WhiteElo "1986"]
[BlackElo "1802"]

1. e4 c5 2. Nf3 d6 3. Nc3 Nc6 4. d4 cxd4 5. Nxd4 Nf6 6. Bc4 e6 7. Be3 Be7 8. O-O
O-O 9. Bb3 a6 10. f4 e5 11. Nxc6 bxc6 12. h3 Nd7 13. Qf3 exf4 14. Bxf4 Nc5 15.
Rad1 Nxb3 16. axb3 Be6 17. Qg3 Bh4 18. Qd3 d5 19. exd5 cxd5 20. Nxd5 Bxd5 21.
Qxd5 Qb6+ 22. Kh1 Bf6 23. c3 Rfd8 24. Qc4 Rxd1 25. Rxd1 Rd8 26. Rf1 Qb7 27. Re1
h6 28. b4 a5 29. b5 Rd5 30. Re8+ Kh7 31. Qe4+ g6 32. c4 Rd1+ 33. Kh2 Qb6 34. Be3
Qc7+ 35. Qf4 Qxf4+ 36. Bxf4 Rd4 37. b6 Rxf4 38. b7 1-0

[Event "Mistrzostwa Polski Juniorow do lat 16 - Chlopcy"]
[Site "Szklarska Poreba"]
[Date "1899-12-30"]
[Round "4.16"]
[White "Strepikowski, Pawel"]
[Black "Gorkiewicz, Mateusz"]
[Result "0-1"]
[WhiteTitle "I"]
[BlackTitle "I+"]
[WhiteElo "1676"]
[BlackElo "1959"]

1. e4 e5 2. Bc4 Nf6 3. d3 Nc6 4. Nc3 Na5 5. Nge2 c6 6. a4 Nxc4 7. dxc4 Be7 8. O-O
d6 9. Ng3 O-O 10. Qd3 Qc7 11. f4 exf4 12. Bxf4 Be6 13. c5 Rfd8 14. Rad1 Ne8 15.
Qe3 Qa5 16. cxd6 Nxd6 17. b3 Nc4 18. Qf3 Ne5 19. Bxe5 Qxe5 20. Nf5 Bc5+ 21. Kh1
Rxd1 22. Nxd1 Re8 23. Nf2 Bxf5 24. exf5 Qe2 25. Nd3 Qxc2 26. f6 g6 27. Nxc5 Qxc5
28. Qh3 Qd6 29. Qh4 h5 30. h3 Re2 31. Qc4 Qd2 32. Rg1 Re6 33. Rf1 Qd6 34. Qc3
a6 35. b4 Re4 36. Qc1 Kh7 37. b5 Rxa4 38. Qe1 Rf4 39. Rxf4 Qxf4 40. Qe7 Qc4 41.
bxc6 bxc6 42. g4 hxg4 43. hxg4 g5 44. Kh2 Kg6 45. Qd7 Qd5 46. Qa7 a5 47. Qf2 Qe5+
48. Kh3 Qxf6 49. Qc2+ Kg7 50. Qa4 Qf3+ 51. Kh2 Qf4+ 0-1

[Event "Mistrzostwa Polski Juniorow do lat 16 - Chlopcy"]
[Site "Szklarska Poreba"]
[Date "1899-12-30"]
[Round "4.17"]
[White "Grzesik, Gracjan"]
[Black "Gradalski, Olaf"]
[Result "1-0"]
[WhiteTitle "I++"]
[BlackTitle "II+"]
[WhiteElo "2039"]
[BlackElo "1719"]

1. c4 e6 2. Nc3 d5 3. cxd5 exd5 4. d4 Nf6 5. Bg5 Nbd7 6. e3 Be7 7. Bd3 c6 8. Qc2
Nh5 9. Bxe7 Qxe7 10. Nge2 g6 11. O-O O-O 12. Rae1 Ndf6 13. Nc1 Ng7 14. f3 Qd8
15. Qf2 Bf5 16. h3 Bxd3 17. Nxd3 Rc8 18. e4 Qb6 19. e5 Nd7 20. f4 Ne6 21. f5 Nxd4
22. Na4 Qb5 23. Qxd4 c5 24. Nc3 Qa6 25. Qxd5 Rfd8 26. fxg6 Qxg6 27. Qf3 Nf8 28.
Nf4 1-0

[Event "Mistrzostwa Polski Juniorow do lat 16 - Chlopcy"]
[Site "Szklarska Poreba"]
[Date "1899-12-30"]
[Round "4.18"]
[White "Gardian, Adam"]
[Black "Kacprzak, Karol"]
[Result "0-1"]
[WhiteTitle "I"]
[BlackTitle "I++"]
[WhiteElo "1709"]
[BlackElo "1954"]

1. e4 c5 2. Nf3 d6 3. d4 cxd4 4. Nxd4 Nf6 5. Nc3 a6 6. Bg5 e6 7. f4 Be7 8. Qe2
h6 9. Bxf6 Bxf6 10. O-O-O Qc7 11. h4 Nc6 12. Nxc6 bxc6 13. Qd2 d5 14. e5 Be7 15.
Rh3 Qa5 16. h5 Rb8 17. Rg3 Qa3 18. Qd3 Qxb2+ 19. Kd2 Bb4 20. Rxg7 c5 21. Qg3 d4
22. Rg8+ Rxg8 23. Qxg8+ Ke7 24. Bd3 Qxc3+ 25. Ke2 c4 26. Bh7 Qe3+ 27. Kf1 Qxf4+
28. Kg1 Qg5 29. Rf1 Qxg8 30. Bxg8 d3 31. Rxf7+ Ke8 32. cxd3 cxd3 0-1

[Event "Mistrzostwa Polski Juniorow do lat 16 - Chlopcy"]
[Site "Szklarska Poreba"]
[Date "1899-12-30"]
[Round "4.19"]
[White "Dziendziel, Mateusz"]
[Black "Wysocki, Mateusz"]
[Result "1/2-1/2"]
[WhiteTitle "I"]
[BlackTitle "I"]
[WhiteElo "1700"]
[BlackElo "1864"]

1. e4 e6 2. d4 d5 3. Nc3 Bb4 4. Nge2 dxe4 5. a3 Be7 6. Nxe4 Nf6 7. N2g3 O-O 8.
c3 Nbd7 9. Bd3 b6 10. O-O Bb7 11. Qc2 h6 12. Bf4 Nxe4 13. Nxe4 Nf6 14. Nxf6+ Bxf6
15. Rfe1 c5 16. dxc5 bxc5 17. Rad1 Qb6 18. b4 cxb4 19. cxb4 Rac8 20. Be3 Rxc2
21. Bxb6 Ra2 22. Bxa7 Rxa3 23. Bc5 Rd8 24. Bc4 Rc8 25. Rd7 Bc6 26. Rd6 Rc3 27.
Ba6 Rc7 28. Bb6 Rd7 29. Rxd7 Bxd7 30. Bc5 g5 1/2-1/2

[Event "Mistrzostwa Polski Juniorow do lat 16 - Chlopcy"]
[Site "Szklarska Poreba"]
[Date "1899-12-30"]
[Round "4.20"]
[White "Kalkowski, Igor"]
[Black "Kossowski, Pawel"]
[Result "0-1"]
[WhiteTitle "I+"]
[BlackTitle "I"]
[WhiteElo "1862"]
[BlackElo "1717"]

1. e4 e5 2. Nf3 Nc6 3. Bc4 Bc5 4. c3 Nf6 5. d4 exd4 6. cxd4 Bb4+ 7. Nbd2 Nxe4 8.
d5 Ne7 9. O-O Nxd2 10. Bxd2 Bxd2 11. d6 cxd6 12. Qxd2 O-O 13. Qxd6 Nf5 14. Qf4
d5 15. Rad1 Ne7 16. h4 Be6 17. h5 h6 18. Nd4 Nc6 19. Bd3 Nxd4 20. Qxd4 Qg5 21.
Be2 Rfc8 22. f4 Qe7 23. f5 Bxf5 24. Rxf5 Qxe2 25. Rdf1 Rf8 26. Qxd5 Qe7 27. Qc4
Rac8 28. Qb3 b6 29. Qf3 Rc2 30. Qb3 Rc5 31. Qa3 Rc7 32. Qg3 Rc6 33. Qd3 Re6 34.
Qc4 Re5 35. Rxe5 Qxe5 36. Qg4 Qxb2 37. a4 b5 38. axb5 Qxb5 39. Rc1 Qb7 40. Qf4
a5 41. Qe5 a4 42. Rc4 a3 43. Rg4 f6 44. Qd6 Qa7+ 45. Kh2 a2 46. Qd5+ Kh8 47. Qd6
Rg8 48. Rxg7 Qxg7 49. g4 a1=Q 50. g5 Qe5+ 0-1

[Event "Mistrzostwa Polski Juniorow do lat 16 - Chlopcy"]
[Site "Szklarska Poreba"]
[Date "1899-12-30"]
[Round "4.21"]
[White "Haliniak, Wojciech"]
[Black "Cwiek, Ryszard"]
[Result "0-1"]
[WhiteTitle "I"]
[BlackTitle "I+"]
[WhiteElo "1705"]
[BlackElo "1843"]

1. f4 d5 2. Nf3 g6 3. g3 b6 4. Bg2 Bb7 5. Ne5 Bg7 6. c4 f6 7. Qa4+ Kf8 8. O-O Nh6
9. cxd5 fxe5 10. fxe5+ Nf5 11. d4 Bxd5 12. e4 b5 13. Qd1 Bc4 14. exf5 Bxf1 15.
Bxa8 Bc4 16. fxg6 hxg6 17. Qf3+ Kg8 18. Be3 c6 19. Bxc6 Bxe5 20. Qg4 Nxc6 21.
Qxg6+ Bg7 22. Qxc6 Rh6 23. Qc5 Qd7 24. Nd2 Rc6 25. Qg5 Bd5 26. Rf1 Qe6 27. Nf3
Rc2 28. Rf2 Rxf2 29. Kxf2 Qc6 30. Nd2 Kf7 31. Qf5+ Kg8 32. a3 a5 33. Nf3 e6 34.
Qg4 Qc2+ 35. Nd2 Qxb2 36. h4 Qxa3 37. h5 Qe7 38. h6 Qf6+ 39. Ke2 a4 40. Qxg7+
Qxg7 41. hxg7 a3 42. Nb3 Bxb3 43. Bc1 b4 44. Kd3 Bd5 45. Kc2 b3+ 46. Kb1 b2 47.
Bxb2 axb2 48. Kxb2 Kxg7 0-1

[Event "Mistrzostwa Polski Juniorow do lat 16 - Chlopcy"]
[Site "Szklarska Poreba"]
[Date "1899-12-30"]
[Round "4.22"]
[White "Celebias, Filip"]
[Black "Budzisz, Adrian"]
[Result "1-0"]
[WhiteTitle "II"]
[BlackTitle "I"]
[WhiteElo "1558"]
[BlackElo "1812"]

1. e4 c5 2. Nf3 e6 3. d4 cxd4 4. Nxd4 a6 5. Bd3 Nf6 6. O-O d6 7. c4 Nc6 8. Nxc6
bxc6 9. Nc3 Be7 10. Be3 O-O 11. Rc1 Nd7 12. Bb1 Bb7 13. Qc2 g6 14. Rfd1 Qc7 15.
c5 d5 16. Na4 Rad8 17. exd5 exd5 18. Nb6 Ne5 19. Bd4 f6 20. Qc3 Rde8 21. Qg3 Kg7
22. h4 Bd8 23. h5 g5 24. Re1 Rh8 25. f4 Nf7 26. h6+ Kf8 27. Rxe8+ Kxe8 28. Re1+
Kf8 29. Qe3 Qe7 30. Bxf6 Qxe3+ 31. Rxe3 Bxb6 32. Bg7+ 1-0

[Event "Mistrzostwa Polski Juniorow do lat 16 - Chlopcy"]
[Site "Szklarska Poreba"]
[Date "1899-12-30"]
[Round "4.24"]
[White "Werner, Kacper"]
[Black "Majdanski, Maksymilian"]
[Result "0-1"]
[WhiteTitle "II"]
[BlackTitle "I"]
[WhiteElo "1591"]
[BlackElo "1868"]

1. e4 c5 2. Nf3 Nc6 3. Nc3 Nf6 4. Bc4 d6 5. h3 a6 6. a4 g6 7. d3 Bg7 8. Ng5 O-O
9. f4 e6 10. Bb3 Nd4 11. O-O Nxb3 12. cxb3 Ne8 13. Be3 b6 14. Qd2 f5 15. d4 h6
16. Nf3 fxe4 17. Nxe4 Bb7 18. Nc3 Qe7 19. Rae1 Nc7 20. Qc2 Bxf3 21. dxc5 Bb7 22.
cxb6 Nd5 23. Nxd5 Bxd5 24. b4 Rac8 25. Qd2 Qf6 26. Rf2 Rc4 27. Rc1 Rfc8 28. Rxc4
Rxc4 29. a5 Qf5 30. Kh2 Qe4 31. b5 Bb7 32. bxa6 Bxa6 33. Qe2 Qb7 34. Qd2 d5 35.
Rf1 d4 36. Bf2 Qd5 37. Rd1 Bb7 38. Bg3 d3 39. Qf2 Rc2 40. Rd2 Bd4 0-1

[Event "Mistrzostwa Polski Juniorow do lat 16 - Chlopcy"]
[Site "Szklarska Poreba"]
[Date "1899-12-30"]
[Round "4.25"]
[White "Babiarz, Arkadiusz"]
[Black "Majewski, Krzysztof"]
[Result "1-0"]
[WhiteTitle "I++"]
[BlackTitle "I"]
[WhiteElo "1831"]
[BlackElo "1805"]

1. e4 e6 2. d4 d5 3. exd5 exd5 4. Nf3 Bd6 5. c4 Nf6 6. Be2 O-O 7. O-O Nc6 8. Nc3
dxc4 9. d5 Ne5 10. Nxe5 Bxe5 11. Bf3 Bf5 12. Re1 Bxc3 13. bxc3 Bd3 14. Qa4 Re8
15. Bf4 Rxe1+ 16. Rxe1 h6 17. Qb5 Ne8 18. Qxb7 Nd6 19. Bxd6 cxd6 20. h3 Rb8 21.
Qxa7 Ra8 22. Qb7 Rxa2 23. Re7 Rb2 24. Qa7 Ra2 25. Qe3 Kf8 26. Rb7 Qe8 27. Qf4
Qe1+ 28. Kh2 Qe5 29. Rxf7+ Ke8 30. Qxe5+ dxe5 31. Rxg7 e4 32. Bg4 Rxf2 33. d6
Rf8 34. Kg3 Kd8 35. Rd7+ Ke8 36. Ra7 Bc2 37. Bh5+ Kd8 38. Ra8+ 1-0